טוען...
| LEADER | 003530000a22001090004500 | ||
|---|---|---|---|
| 040 | |a MAL | ||
| 082 | |a 320.532 209 54 32M4 | ||
| 100 | |a Panoor, K | ||
| 245 | |a Ha naxalbari | ||
| 260 | |c 1984 | ||
| 999 | |c 23754 |d 23754 | ||
| 952 | |0 0 |1 0 |4 0 |6 320_532000000000000_209_54_32M |7 0 |8 MAL |9 23576 |a MGUL |b MGUL |d 2013-07-16 |l 1 |o 320.532 209 54 32M4 |p 08956 |r 2015-05-26 |s 2015-05-19 |w 2013-07-16 |y BK | ||